000 00517nam a2200181Ia 4500
008 240925s9999 xx 000 0 und d
020 _a8178084627
082 _a004.36 COU
100 _aCoulouris, George
245 0 _aDistributed Systems: concepts and design
250 _a3rd
260 _aSingapore:
_bPearson education
_c,2005.
300 _axx,1200p.
_bNA
_fPhotocopy
500 _aIncludes Index
600 _aEngineering Technology
650 _aComputer science, information & general works
942 _cBK
999 _c7536
_d7536